Books of the Catholic Bible - Statistics

General Stats
  • This quiz has been taken 17 times
  • The average score is 49 of 73
Answer Stats
categorie Hint Answer % Correct
Overige brieven 70 2 John
100%
Overige brieven 71 3 John
100%
Wet 2 Exodus
100%
Wet 1 Genesis
100%
Evangelie 50 John
100%
Poëzie 23 Psalms
100%
Overige brieven 69 1 John
94%
Geschiedenis 11 1 Kings
94%
Geschiedenis 12 2 Kings
94%
Evangelie 49 Luke
94%
Evangelie 48 Mark
94%
Evangelie 47 Matthew
94%
Overige brieven 67 1 Peter
88%
Overige brieven 68 2 Peter
88%
Profetie 73 Revelation | Apocalypse
88%
Geschiedenis 9 1 Samuel
81%
Geschiedenis 10 2 Samuel
81%
Wet 5 Deuteronomy
81%
Brieven van Paulus 53 1 Corinthians
75%
Brieven van Paulus 54 2 Corinthians
75%
Grote profeten 29 Isaiah
75%
Poëzie 22 Job
75%
Wet 3 Leviticus
75%
Wet 4 Numbers
75%
Poëzie 24 Proverbs
75%
Brieven van Paulus 52 Romans
75%
Geschiedenis 13 1 Chronicles
69%
Brieven van Paulus 60 2 Thessalonians
69%
Grote profeten 34 Daniel
69%
Brieven van Paulus 59 1 Thessalonians
69%
Poëzie 25 Ecclesiastes
69%
Brieven van Paulus 56 Ephesians
69%
Geschiedenis 19 Esther
69%
Brieven van Paulus 55 Galatians
69%
Overige brieven 65 Hebrews
69%
Overige brieven 66 James
69%
Grote profeten 30 Jeremiah
69%
Geschiedenis 6 Joshua
69%
Grote profeten 31 Lamentations
69%
Geschiedenis 8 Ruth
69%
Geschiedenis 20 1 Maccabees
63%
Brieven van Paulus 61 1 Timothy
63%
Geschiedenis 14 2 Chronicles
63%
Geschiedenis 21 2 Maccabees
63%
Brieven van Paulus 62 2 Timothy
63%
Kleine profeten 39 Jonah
63%
Overige brieven 72 Jude
63%
Geschiedenis 7 Judges
63%
Brieven van Paulus 57 Philippians
63%
Geschiedenis 15 Ezra
56%
Kleine profeten 42 Habakkuk
56%
Kleine profeten 35 Hosea
56%
Geschiedenis 18 Judith
56%
Kleine profeten 46 Malachi
56%
Geschiedenis 16 Nehemiah
56%
Brieven van Paulus 64 Philemon
56%
Poëzie 26 Song of Solomon
56%
Brieven van Paulus 63 Titus
56%
Kleine profeten 43 Zephaniah
56%
Geschiedenis 2 51 Acts
50%
Kleine profeten 37 Amos
50%
Brieven van Paulus 58 Colossians
50%
Kleine profeten 41 Nahum
50%
Poëzie 28 Sirach
50%
Geschiedenis 17 Tobit
50%
Poëzie 27 Wisdom
50%
Kleine profeten 45 Zechariah
50%
Grote profeten 32 Baruch
44%
Kleine profeten 36 Joel
44%
Kleine profeten 44 Haggai
31%
Kleine profeten 40 Michah
13%
Grote profeten 33 Ezechiel
6%
Kleine profeten 38 Obadjah
0%
No matching quizzes found
Score Distribution
Percent of People with Each Score
Percentile by Number Answered
Your Score History
You have not taken this quiz